000 01067cam a2200253 a 4500
001 000017464
005 20200929165124.0
008 800527s1977 ec 000 e spa d
020 _cS/12.00
035 _a(DLC) 80107714
040 _aDO-SdBNP
_cDLC
_dDLC
_dBNPHU
082 _aE864.4
_bA553p
100 1 _aAndrade, Raúl,
_d1905-1981
_938180
245 1 3 _aEl perfil de la quimera :
_bensayos literarios /
_cRaúl Andrade.
260 _aQuito :
_bCasa de la Cultura Ecuatoriana,
_c1977.
300 _a305 p. ;
_c15 cm.
490 1 _aBásica de escritores ecuatorianos
_v18
505 0 _aGarcía Lorca: Alegoría de España yacente -- Retablo de una generación decapitada -- Charlot, parábola y hazaña de la desventura -- Teoría del destierro -- El perfil de la quimera -- Viaje alrededor de la muerte -- Rosalía de Castro, sirena de la nostalgia.
650 4 _aEnsayos ecuatorianos
_93909
650 4 _aLiteratura ecuatoriana
_93938
830 0 _aBásica de escritores ecuatorianos ;
_v18
_923084
910 _aCatalogación por copia / LC
049 _aBNGR
999 _c16989
_d16989